[Event "HUN-chT 1920"]
[Site "Hungary"]
[Date "2019.11.17"]
[Round "2.11"]
[White "Honos, Attila"]
[Black "Fusthy, Zsolt"]
[Result "1/2-1/2"]
[WhiteElo "2199"]
[BlackElo "2263"]
[PlyCount "55"]
[EventDate "2019.11.16"]
[EventType "team-tourn"]
[EventRounds "9"]
[EventCountry "HUN"]
[SourceTitle "CBM 193 Extra"]
[Source "ChessBase"]
[SourceDate "2020.01.31"]
[SourceVersion "1"]
[SourceVersionDate "2020.01.31"]
[SourceQuality "1"]
[WhiteTeam "Budapest MTK"]
[BlackTeam "DVTK"]
[WhiteTeamCountry "HUN"]
[BlackTeamCountry "HUN"]

1. e4 c6 2. d4 d5 3. e5 Bf5 4. Ne2 e6 5. Ng3 Bg6 6. h4 h6 7. h5 Bh7 8. Bd3 Bxd3 9. cxd3 Qb6 10. Qa4 Qb4+ 11. Qxb4 Bxb4+ 12. Bd2 Na6 13. Bxb4 Nxb4 14. Kd2 Ne7 15. Nc3 Kd7 16. Raf1 Raf8 17. f4 f5 18. Nge2 Rhg8 19. Rh3 g5 20. hxg6 Rxg6 21. g3 Na6 22. Rfh1 Rh8 23. Na4 b6 24. Nac3 Nc7 25. Na4 Na6 26. Nac3 Nc7 27. Na4 Na6 28. Nac3 1/2-1/2

[Event "HUN-chT2 Maroczy 1819"]
[Site "Hungary"]
[Date "2018.12.02"]
[Round "5.6"]
[White "Honos, Attila"]
[Black "Arato, Daniel"]
[Result "1-0"]
[WhiteElo "2193"]
[BlackElo "1733"]
[PlyCount "85"]
[EventDate "2018.09.23"]
[EventType "team-tourn"]
[EventRounds "11"]
[EventCountry "HUN"]
[SourceTitle "EXT 2020"]
[Source "ChessBase"]
[SourceDate "2019.10.17"]
[SourceVersion "1"]
[SourceVersionDate "2019.10.17"]
[SourceQuality "1"]
[WhiteTeam "Budapest MTK"]
[BlackTeam "Szeged Maroczy II"]
[WhiteTeamCountry "HUN"]
[BlackTeamCountry "HUN"]

1. b4 e5 2. Bb2 d6 3. e3 Nf6 4. c4 Be7 5. Nc3 c6 6. Nf3 0-0 7. Be2 Be6 8. Qc2 h6 9. d4 Nbd7 10. Rd1 Qc7 11. 0-0 Rac8 12. h3 Rfd8 13. Qb1 Nb6 14. c5 Nc4 15. cxd6 Bxd6 16. dxe5 Nxe5 17. Nd4 Bxb4 18. Nxe6 fxe6 19. Ne4 Be7 20. f4 Ned7 21. Nxf6+ Bxf6 22. Bc4 Nf8 23. f5 Rxd1 24. Rxd1 Bxb2 25. Qxb2 Re8 26. Rf1 b5 27. Bb3 Qe7 28. Qe5 Qf6 29. Qc7 Qc3 30. fxe6 Qxe3+ 31. Kh1 Qe2 32. Qf7+ Kh7 33. Bc2+ Qxc2 34. Qxe8 Ng6 35. Qf7 Qe2 36. Qf5 Kg8 37. Rf2 Qe1+ 38. Kh2 Qc3 39. Rf3 Qe5+ 40. Qxe5 Nxe5 41. Re3 Nf7 42. exf7+ Kxf7 43. Rc3 1-0

[Event "HUN-chT2 Maroczy 1819"]
[Site "Hungary"]
[Date "2018.09.23"]
[Round "1.8"]
[White "Felmery, Mate"]
[Black "Honos, Attila"]
[Result "0-1"]
[WhiteElo "2114"]
[BlackElo "2193"]
[PlyCount "54"]
[EventDate "2018.09.23"]
[EventType "team-tourn"]
[EventRounds "11"]
[EventCountry "HUN"]
[SourceTitle "EXT 2020"]
[Source "ChessBase"]
[SourceDate "2019.10.17"]
[SourceVersion "1"]
[SourceVersionDate "2019.10.17"]
[SourceQuality "1"]
[WhiteTeam "Budapest Vasas"]
[BlackTeam "Budapest MTK"]
[WhiteTeamCountry "HUN"]
[BlackTeamCountry "HUN"]

1. e4 d5 2. exd5 Qxd5 3. Nc3 Qd6 4. g3 Nf6 5. h3 Bf5 6. Bg2 c6 7. Nge2 Nbd7 8. 0-0 e6 9. d4 Qc7 10. Re1 0-0-0 11. Bf4 Bd6 12. b4 Bxf4 13. gxf4 Nb6 14. a4 Nc4 15. a5 a6 16. Qb1 Nd5 17. b5 cxb5 18. Nxd5 exd5 19. Nc3 Qc6 20. Qb4 Be6 21. f5 Bxf5 22. Nxd5 Rxd5 23. Qe7 Be6 24. Bxd5 Bxd5 25. Qg5 Nd2 26. Qg4+ Be6 27. Qxg7 Nf3+ 0-1

[Event "HUN-chT 1718"]
[Site "Hungary"]
[Date "2018.05.05"]
[Round "8.9"]
[White "Honos, Attila"]
[Black "Kaczur, Florian"]
[Result "0-1"]
[WhiteElo "2207"]
[BlackElo "2458"]
[PlyCount "62"]
[EventDate "2017.11.25"]
[EventType "team-tourn"]
[EventRounds "9"]
[EventCountry "HUN"]
[SourceTitle "EXT 2019"]
[Source "ChessBase"]
[SourceDate "2018.10.10"]
[SourceVersion "1"]
[SourceVersionDate "2018.10.10"]
[SourceQuality "1"]
[WhiteTeam "Budapest MTK"]
[BlackTeam "Paks"]
[WhiteTeamCountry "HUN"]
[BlackTeamCountry "HUN"]

1. b4 e5 2. Bb2 Bxb4 3. Bxe5 Nf6 4. e3 0-0 5. Nf3 d5 6. Be2 c5 7. 0-0 Nc6 8. Bb2 Re8 9. c4 d4 10. exd4 cxd4 11. Re1 Bg4 12. h3 Bxf3 13. Bxf3 Qd6 14. Rf1 Ne5 15. d3 Re7 16. a4 a6 17. Ba3 Rae8 18. Bxb4 Qxb4 19. Na3 Qc3 20. Be4 Nxe4 21. dxe4 Nc6 22. Qf3 d3 23. Rfc1 Qd4 24. Rd1 Nb4 25. Rab1 Qc3 26. Ra1 Rxe4 27. Kh2 g6 28. Rdc1 Qe5+ 29. g3 Qc5 30. Nb1 Re2 31. Kg2 Nc2 0-1

[Event "Budapest-chT1 Lilienthal 1718"]
[Site "Budapest"]
[Date "2017.10.15"]
[Round "2"]
[White "Honos, Attila"]
[Black "Karacsonyi, Gellert"]
[Result "0-1"]
[WhiteElo "2206"]
[BlackElo "2140"]
[PlyCount "66"]
[EventDate "2017.10.01"]
[EventType "team-tourn"]
[EventRounds "13"]
[EventCountry "HUN"]
[SourceTitle "EXT 2021"]
[Source "ChessBase"]
[SourceDate "2020.10.23"]
[SourceVersion "1"]
[SourceVersionDate "2020.10.23"]
[SourceQuality "1"]
[WhiteTeam "Budapest MTK III"]
[BlackTeam "Aquarena III"]
[WhiteTeamCountry "HUN"]
[BlackTeamCountry "HUN"]

1. d4 Nf6 2. Bg5 d5 3. Bxf6 exf6 4. e3 Bd6 5. Bd3 0-0 6. Qf3 c6 7. Ne2 Nd7 8. 0-0 g6 9. Nd2 f5 10. c4 dxc4 11. Nxc4 Bc7 12. Rfd1 Nf6 13. Nf4 Qe7 14. Rac1 Kh8 15. h4 Be6 16. Nd2 Nd5 17. Nxe6 fxe6 18. g3 e5 19. dxe5 Bxe5 20. Bc4 Rad8 21. Bxd5 Rxd5 22. Nc4 Rfd8 23. h5 Bf6 24. b3 Qe4 25. Qe2 f4 26. Rxd5 Rxd5 27. gxf4 Rxh5 28. f3 Qe6 29. Nd2 g5 30. Ne4 gxf4 31. Rd1 fxe3 32. Rd6 Qh3 33. Qg2 e2 0-1

[Event "HUN-chT2 Charousek 1516"]
[Site "Hungary"]
[Date "2016.04.17"]
[Round "9.8"]
[White "Honos, Attila"]
[Black "Havanecz, Bianka"]
[Result "1/2-1/2"]
[WhiteElo "2194"]
[BlackElo "2265"]
[PlyCount "106"]
[EventDate "2015.10.18"]
[EventType "team-tourn"]
[EventRounds "9"]
[EventCountry "HUN"]
[SourceTitle "EXT 2017"]
[Source "ChessBase"]
[SourceDate "2016.10.25"]
[SourceVersion "1"]
[SourceVersionDate "2016.10.25"]
[SourceQuality "1"]
[WhiteTeam "Budapest MTK"]
[BlackTeam "Aquaprofit II"]
[WhiteTeamCountry "HUN"]
[BlackTeamCountry "HUN"]

1. b4 d5 2. Bb2 Nf6 3. e3 c6 4. a3 Bf5 5. Nf3 Nbd7 6. Nh4 Bg4 7. Be2 Bxe2 8. Qxe2 e6 9. f4 a5 10. b5 c5 11. a4 Be7 12. Nf3 0-0 13. 0-0 Nb6 14. d3 Nfd7 15. Nbd2 Qc7 16. Ne5 f6 17. Qg4 Nxe5 18. fxe5 f5 19. Qh3 Bg5 20. Kh1 d4 21. Ba3 Bxe3 22. Nf3 Nd5 23. Bc1 Qe7 24. Bxe3 Nxe3 25. Rf2 Rad8 26. Re1 Nd5 27. Nd2 Nb6 28. Ra1 Kh8 29. Nb3 Qc7 30. Qg3 Nd5 31. Re1 Ne3 32. c4 Rd7 33. Nd2 g5 34. Qxg5 Qxe5 35. Nf1 Rg7 36. Qh5 Rfg8 37. Rfe2 Rg5 38. Qf3 f4 39. Qxb7 Qf5 40. Nxe3 dxe3 41. Qf3 e5 42. Qe4 Qf6 43. Rb1 Qb6 44. Kg1 Rd8 45. Rb3 Rd4 46. Qc6 Rd6 47. Qe8+ Kg7 48. Qe7+ Kg6 49. Qe8+ Kh6 50. Qf8+ Rg7 51. Qf5 Rg5 52. Qf8+ Rg7 53. Qf5 Rg5 1/2-1/2

[Event "HUN-chT2 Charousek 1516"]
[Site "Hungary"]
[Date "2016.04.03"]
[Round "8.7"]
[White "Honos, Attila"]
[Black "Seres, Bela"]
[Result "1-0"]
[WhiteElo "2194"]
[BlackElo "2221"]
[PlyCount "107"]
[EventDate "2015.10.18"]
[EventType "team-tourn"]
[EventRounds "9"]
[EventCountry "HUN"]
[SourceTitle "EXT 2017"]
[Source "ChessBase"]
[SourceDate "2016.10.25"]
[SourceVersion "1"]
[SourceVersionDate "2016.10.25"]
[SourceQuality "1"]
[WhiteTeam "Budapest MTK"]
[BlackTeam "Hobagoly"]
[WhiteTeamCountry "HUN"]
[BlackTeamCountry "HUN"]

1. b4 f5 2. Bb2 Nf6 3. e3 e6 4. a3 Be7 5. f4 0-0 6. Nf3 b6 7. Be2 Bb7 8. 0-0 Qe8 9. Ne5 d6 10. Bf3 c6 11. Nd3 Qd7 12. Nc3 Na6 13. e4 fxe4 14. Nxe4 Nxe4 15. Bxe4 Bf6 16. Qe2 Bxb2 17. Nxb2 Nc7 18. Rae1 Rf6 19. Nc4 Ba6 20. Bd3 Raf8 21. g3 Re8 22. Qe4 g6 23. Qd4 Nd5 24. Ne3 Nxe3 25. Qxf6 Bxd3 26. Rxe3 Bxf1 27. Kxf1 e5 28. Kg2 Rf8 29. Qg5 exf4 30. gxf4 Qf5 31. Qxf5 Rxf5 32. Re8+ Rf8 33. Re6 Rxf4 34. Rxd6 Re4 35. c3 a5 36. Rd7 c5 37. b5 Ra4 38. Rb7 Rxa3 39. Kf3 Ra1 40. Rxb6 a4 41. Ra6 a3 42. Ke4 Rd1 43. Rxa3 Rxd2 44. Rb3 c4 45. Rb4 Rxh2 46. b6 Re2+ 47. Kd5 Re8 48. Kxc4 Kf7 49. b7 Rb8 50. Kd5 g5 51. c4 g4 52. c5 g3 53. c6 g2 54. Rg4 1-0

[Event "HUN-chT2 Erkel 1415"]
[Site "Hungary"]
[Date "2015.03.22"]
[Round "8.8"]
[White "Tarsi, Miklos"]
[Black "Honos, Attila"]
[Result "0-1"]
[WhiteElo "1944"]
[BlackElo "2185"]
[PlyCount "74"]
[EventDate "2014.09.28"]
[EventType "team-tourn"]
[EventRounds "9"]
[EventCountry "HUN"]
[SourceTitle "EXT 2016"]
[Source "ChessBase"]
[SourceDate "2015.10.08"]
[SourceVersion "1"]
[SourceVersionDate "2015.10.08"]
[SourceQuality "1"]
[WhiteTeam "Jaszbereny"]
[BlackTeam "Budapest MTK"]
[WhiteTeamCountry "HUN"]
[BlackTeamCountry "HUN"]

1. d4 Nf6 2. c4 c5 3. d5 b5 4. cxb5 a6 5. e3 g6 6. Nc3 Bg7 7. Bd3 0-0 8. Nge2 d6 9. 0-0 Nbd7 10. e4 Ne5 11. Bc2 axb5 12. Nxb5 Ba6 13. Nbc3 Qa5 14. f4 Nc4 15. Rb1 Rfb8 16. Rf3 Nd7 17. h4 Nf6 18. Ng3 Ng4 19. h5 Bd4+ 20. Kh1 Ra7 21. Qe1 Rab7 22. b3 Na3 23. Bxa3 Qxa3 24. Nge2 Bxe2 25. Nxe2 Qxa2 26. Nxd4 cxd4 27. Qd1 Rc7 28. Rf1 Ne3 29. Qxd4 Nxc2 30. Qf2 Qa7 31. Qh4 Qe3 32. hxg6 fxg6 33. f5 g5 34. Qh6 Qg3 35. Qe6+ Kh8 36. f6 Ne3 37. fxe7 Qxg2# 0-1

[Event "HUN-chT2 Erkel 1415"]
[Site "Hungary"]
[Date "2015.03.01"]
[Round "7.8"]
[White "Honos, Attila"]
[Black "Horvath, Zoltan"]
[Result "1-0"]
[WhiteElo "2185"]
[BlackElo "1959"]
[PlyCount "61"]
[EventDate "2014.09.28"]
[EventType "team-tourn"]
[EventRounds "9"]
[EventCountry "HUN"]
[SourceTitle "EXT 2016"]
[Source "ChessBase"]
[SourceDate "2015.10.08"]
[SourceVersion "1"]
[SourceVersionDate "2015.10.08"]
[SourceQuality "1"]
[WhiteTeam "Budapest MTK"]
[BlackTeam "HASE"]
[WhiteTeamCountry "HUN"]
[BlackTeamCountry "HUN"]

1. d4 d5 2. Bg5 h6 3. Bh4 c5 4. e3 Qb6 5. b3 Nc6 6. c3 Bf5 7. Bd3 Bxd3 8. Qxd3 e6 9. Nd2 Be7 10. Ngf3 Nf6 11. 0-0 0-0 12. Ne5 g5 13. Bg3 Nxe5 14. dxe5 Nh5 15. f4 Rad8 16. Kh1 Kg7 17. Bf2 f5 18. Qe2 Kg6 19. g4 Ng7 20. Rg1 Qc6 21. Rg2 Kh7 22. Rag1 d4 23. fxg5 Bxg5 24. exd4 cxd4 25. Bxd4 Bxd2 26. Qxd2 fxg4 27. Qd3+ Rf5 28. Qg3 h5 29. Qh4 Rdf8 30. h3 Rf4 31. Kh2 1-0

[Event "HUN-chT2 Erkel 1415"]
[Site "Hungary"]
[Date "2014.12.14"]
[Round "4.6"]
[White "Hovanecz, Laszlo"]
[Black "Honos, Attila"]
[Result "0-1"]
[WhiteElo "2017"]
[BlackElo "2185"]
[PlyCount "64"]
[EventDate "2014.09.28"]
[EventType "team-tourn"]
[EventRounds "9"]
[EventCountry "HUN"]
[SourceTitle "EXT 2016"]
[Source "ChessBase"]
[SourceDate "2015.10.08"]
[SourceVersion "1"]
[SourceVersionDate "2015.10.08"]
[SourceQuality "1"]
[WhiteTeam "Paszto"]
[BlackTeam "Budapest MTK"]
[WhiteTeamCountry "HUN"]
[BlackTeamCountry "HUN"]

1. e4 c5 2. Nf3 Nc6 3. d4 cxd4 4. Nxd4 Nf6 5. Nc3 e5 6. Ndb5 d6 7. Bg5 a6 8. Na3 Be6 9. Bxf6 Qxf6 10. Nd5 Qd8 11. c3 Rc8 12. Nc2 Be7 13. Nce3 0-0 14. Bd3 Bg5 15. 0-0 Ne7 16. Qe2 Bxd5 17. Nxd5 Nxd5 18. exd5 f5 19. g3 g6 20. f3 Qb6+ 21. Kh1 Kg7 22. Rab1 Qc5 23. Rfd1 Rce8 24. Qg2 e4 25. Be2 exf3 26. Bxf3 Re3 27. Qf1 Rfe8 28. c4 a5 29. a3 a4 30. Re1 h5 31. Rxe3 Qxe3 32. Kg2 h4 0-1

[Event "HUN-chT2 Erkel 1415"]
[Site "Hungary"]
[Date "2014.11.16"]
[Round "2.6"]
[White "Vrona, Mihail"]
[Black "Honos, Attila"]
[Result "0-1"]
[WhiteElo "2047"]
[BlackElo "2185"]
[PlyCount "44"]
[EventDate "2014.09.28"]
[EventType "team-tourn"]
[EventRounds "9"]
[EventCountry "HUN"]
[SourceTitle "EXT 2016"]
[Source "ChessBase"]
[SourceDate "2015.10.08"]
[SourceVersion "1"]
[SourceVersionDate "2015.10.08"]
[SourceQuality "1"]
[WhiteTeam "Fot"]
[BlackTeam "Budapest MTK"]
[WhiteTeamCountry "HUN"]
[BlackTeamCountry "HUN"]

1. d4 Nf6 2. Nf3 c5 3. d5 b5 4. e3 Bb7 5. c4 g6 6. Nc3 b4 7. Ne2 Bg7 8. Ng3 d6 9. e4 Nbd7 10. h3 a5 11. Bf4 Qc7 12. Bd3 h6 13. Qd2 a4 14. Rc1 h5 15. 0-0 h4 16. Ne2 Nh5 17. Be3 a3 18. b3 Ne5 19. Nxh4 Bf6 20. Nf3 Nxf3+ 21. gxf3 Qd7 22. Kg2 Qxh3+ 0-1

[Event "HUN-chT2 Charousek 1314"]
[Site "Hungary"]
[Date "2013.10.20"]
[Round "3"]
[White "Centgraf, Jozsef"]
[Black "Honos, Attila"]
[Result "1/2-1/2"]
[WhiteElo "2218"]
[BlackElo "2198"]
[PlyCount "25"]
[EventDate "2013.09.08"]
[EventType "team-tourn"]
[EventRounds "11"]
[EventCountry "HUN"]
[SourceTitle "EXT 2016"]
[Source "ChessBase"]
[SourceDate "2015.10.08"]
[SourceVersion "1"]
[SourceVersionDate "2015.10.08"]
[SourceQuality "1"]
[WhiteTeam "Budapest EAC"]
[BlackTeam "Taban Spartacus"]
[WhiteTeamCountry "HUN"]
[BlackTeamCountry "HUN"]

1. c4 Nf6 2. Nf3 g6 3. b3 Bg7 4. Bb2 0-0 5. g3 c5 6. Bg2 Nc6 7. 0-0 d6 8. d3 Rb8 9. Nbd2 b5 10. cxb5 Rxb5 11. Nc4 Rb8 12. Qd2 Bb7 13. Rfd1 1/2-1/2

[Event "HUN-chT2 Maroczy 1213"]
[Site "Hungary"]
[Date "2013.04.21"]
[Round "11"]
[White "Honos, Attila"]
[Black "Miko, Valer"]
[Result "0-1"]
[WhiteElo "2201"]
[BlackElo "2064"]
[PlyCount "112"]
[EventDate "2012.09.16"]
[EventType "team-tourn"]
[EventRounds "11"]
[EventCountry "HUN"]
[SourceTitle "EXT 2014"]
[Source "ChessBase"]
[SourceDate "2013.11.20"]
[SourceVersion "1"]
[SourceVersionDate "2013.11.20"]
[SourceQuality "1"]
[WhiteTeam "Roeszke"]
[BlackTeam "Debrecen"]
[WhiteTeamCountry "HUN"]
[BlackTeamCountry "HUN"]

1. d4 d5 2. Bg5 h6 3. Bh4 c5 4. e3 Nc6 5. c3 Qb6 6. Qb3 c4 7. Qxb6 axb6 8. Na3 Ra5 9. e4 e6 10. Nc2 dxe4 11. Bxc4 Bd6 12. Ne2 f5 13. f3 g5 14. Bf2 Nf6 15. 0-0-0 Ne7 16. h4 g4 17. Bg3 Bxg3 18. Nxg3 gxf3 19. gxf3 exf3 20. Rhf1 f4 21. Rxf3 fxg3 22. Rxf6 Rf5 23. Rxf5 Nxf5 24. d5 e5 25. Re1 Nxh4 26. Rxe5+ Kd8 27. Nd4 Re8 28. Rxe8+ Kxe8 29. Ne2 g2 30. Ng1 Bg4 31. Kd2 Nf3+ 32. Ke3 Nxg1 33. Kf2 Nf3 34. Kxg2 Ne5 35. Bb3 Ke7 36. Kg3 Kd6 37. Kf4 Be2 38. Bc2 Bd3 39. Bd1 Kxd5 40. b3 Bg6 41. a4 Nd3+ 42. Ke3 Ne5 43. Kf4 Bd3 44. Ke3 Bg6 45. Kf4 h5 46. Kg5 Be8 47. Be2 Ke4 48. Bf1 Kf3 49. Kf6 Ng4+ 50. Kg5 Kg3 51. b4 h4 52. a5 bxa5 53. bxa5 Ne3 54. a6 bxa6 55. Bxa6 h3 56. Bb7 Ng2 0-1

[Event "HUN-chT2 Maroczy 1213"]
[Site "Hungary"]
[Date "2013.02.17"]
[Round "7"]
[White "Honos, Attila"]
[Black "Beres, Bence"]
[Result "1-0"]
[WhiteElo "2201"]
[BlackElo "1829"]
[PlyCount "61"]
[EventDate "2012.09.16"]
[EventType "team-tourn"]
[EventRounds "11"]
[EventCountry "HUN"]
[SourceTitle "EXT 2014"]
[Source "ChessBase"]
[SourceDate "2013.11.20"]
[SourceVersion "1"]
[SourceVersionDate "2013.11.20"]
[SourceQuality "1"]
[WhiteTeam "Roeszke"]
[BlackTeam "Oroshaza"]
[WhiteTeamCountry "HUN"]
[BlackTeamCountry "HUN"]

1. e4 c5 2. c3 Nc6 3. d4 cxd4 4. cxd4 e6 5. Nc3 d6 6. Nf3 Be7 7. d5 Ne5 8. Nxe5 dxe5 9. Bb5+ Kf8 10. 0-0 g6 11. f4 Bd6 12. Qf3 Qe7 13. Be3 Kg7 14. Rad1 Nf6 15. fxe5 Bxe5 16. d6 Qf8 17. d7 Bxd7 18. Bxd7 Qe7 19. Ba4 a6 20. Bg5 Rad8 21. Bb3 h6 22. Bf4 Bxf4 23. Qxf4 Rhf8 24. Qe5 Rfe8 25. Kh1 h5 26. a4 b6 27. Bc4 Rxd1 28. Nxd1 a5 29. Ne3 Rc8 30. Nd5 Rc5 31. b3 1-0

[Event "HUN-chT2 Maroczy 1112"]
[Site "Hungary"]
[Date "2012.04.22"]
[Round "9"]
[White "Honos, Attila"]
[Black "Meszaros, Attila"]
[Result "1/2-1/2"]
[WhiteElo "2208"]
[BlackElo "1927"]
[PlyCount "35"]
[EventDate "2011.09.25"]
[EventType "team-tourn"]
[EventRounds "11"]
[EventCountry "HUN"]
[SourceTitle "EXT 2013"]
[Source "ChessBase"]
[SourceDate "2012.11.22"]
[SourceVersion "1"]
[SourceVersionDate "2012.11.22"]
[SourceQuality "1"]
[WhiteTeam "Roszke"]
[BlackTeam "Taban Spartacus"]
[WhiteTeamCountry "HUN"]
[BlackTeamCountry "HUN"]

1. e4 c6 2. d4 d5 3. e5 Bf5 4. Ne2 e6 5. Ng3 Bg6 6. h4 h6 7. h5 Bh7 8. Bd3 Bxd3 9. cxd3 Nd7 10. Qg4 Ne7 11. f4 Qb6 12. Qe2 Qxd4 13. Be3 Qb4+ 14. Nd2 c5 15. a3 Qa5 16. 0-0 Qa6 17. Rac1 Nc6 18. Nf3 1/2-1/2

[Event "HUN-chT2 Maroczy 1112"]
[Site "Hungary"]
[Date "2011.11.13"]
[Round "3"]
[White "Honos, Attila"]
[Black "Vicicko, Zoltan"]
[Result "1-0"]
[WhiteElo "2208"]
[BlackElo "1911"]
[PlyCount "47"]
[EventDate "2011.09.25"]
[EventType "team-tourn"]
[EventRounds "11"]
[EventCountry "HUN"]
[SourceTitle "EXT 2013"]
[Source "ChessBase"]
[SourceDate "2012.11.22"]
[SourceVersion "1"]
[SourceVersionDate "2012.11.22"]
[SourceQuality "1"]
[WhiteTeam "Roszke"]
[BlackTeam "Nyiregyhaza"]
[WhiteTeamCountry "HUN"]
[BlackTeamCountry "HUN"]

1. d4 d6 2. c4 g6 3. Nc3 Bg7 4. Nf3 Nf6 5. g3 0-0 6. Bg2 Re8 7. 0-0 a5 8. b3 Nc6 9. Bb2 Bg4 10. Nb5 d5 11. Ne5 Be6 12. Rc1 Rc8 13. Nxc6 bxc6 14. Na7 Ra8 15. Nxc6 Qd6 16. Ne5 Rab8 17. cxd5 Bxd5 18. Bxd5 Nxd5 19. Rc6 Qd8 20. Rc5 Qd6 21. Rxa5 h5 22. Qd3 Nf6 23. Qc4 Rf8 24. Ba3 1-0

[Event "HUN-chT2 Toth 1011"]
[Site "Hungary"]
[Date "2011.05.15"]
[Round "11.4"]
[White "Petro, Jozsef"]
[Black "Honos, Attila"]
[Result "0-1"]
[WhiteElo "2091"]
[BlackElo "2222"]
[PlyCount "80"]
[EventDate "2010.09.12"]
[EventType "team-tourn"]
[EventRounds "11"]
[EventCountry "HUN"]
[SourceTitle "EXT 2012"]
[Source "ChessBase"]
[SourceDate "2011.11.24"]
[SourceVersion "1"]
[SourceVersionDate "2011.11.24"]
[SourceQuality "1"]
[WhiteTeam "Bekes"]
[BlackTeam "Roszke"]
[WhiteTeamCountry "HUN"]
[BlackTeamCountry "HUN"]

1. f4 d5 2. Nf3 g6 3. g3 Bg7 4. Bg2 Nf6 5. 0-0 c5 6. d3 0-0 7. Qe1 Nc6 8. e4 b6 9. e5 Ne8 10. c4 Nc7 11. Nc3 Bf5 12. cxd5 Nb4 13. Nh4 Bxd3 14. Rf2 Nbxd5 15. Be3 c4 16. Rd1 Rc8 17. Nxd5 Nxd5 18. Bc1 e6 19. Nf3 Qe7 20. Ng5 Qb4 21. Qxb4 Nxb4 22. a3 Nd5 23. Ne4 Rfd8 24. Nd6 Rc7 25. Be4 Bxe4 26. Nxe4 Rb8 27. Rc2 Bf8 28. Kf2 Bc5+ 29. Kf3 Be7 30. g4 a5 31. f5 b5 32. Rcd2 b4 33. Rxd5 exd5 34. Rxd5 c3 35. bxc3 bxc3 36. Rxa5 c2 37. Ke2 Rcc8 38. Ra7 Rb1 39. Bh6 g5 40. e6 c1Q 0-1

[Event "HUN-chT2 Toth 1011"]
[Site "Hungary"]
[Date "2011.04.10"]
[Round "8.3"]
[White "Halasz, Ferenc"]
[Black "Honos, Attila"]
[Result "1/2-1/2"]
[WhiteElo "2114"]
[BlackElo "2222"]
[PlyCount "61"]
[EventDate "2010.09.12"]
[EventType "team-tourn"]
[EventRounds "11"]
[EventCountry "HUN"]
[SourceTitle "EXT 2012"]
[Source "ChessBase"]
[SourceDate "2011.11.24"]
[SourceVersion "1"]
[SourceVersionDate "2011.11.24"]
[SourceQuality "1"]
[WhiteTeam "Szolnok"]
[BlackTeam "Roszke"]
[WhiteTeamCountry "HUN"]
[BlackTeamCountry "HUN"]

1. e4 d5 2. exd5 Qxd5 3. Nc3 Qd6 4. d4 Nf6 5. Nf3 Bg4 6. h3 Bh5 7. g4 Bg6 8. Ne5 c6 9. Bf4 Nd5 10. Nxg6 Qxg6 11. Nxd5 Qe4+ 12. Be3 Qxd5 13. Rg1 e6 14. Bg2 Qb5 15. Qc1 Nd7 16. Bf1 Qa4 17. c3 Bd6 18. Bd3 c5 19. Qc2 Qa5 20. dxc5 Nxc5 21. Bxc5 Qxc5 22. Qa4+ Ke7 23. Qb5 Rad8 24. Qxc5 Bxc5 25. Rd1 Kf6 26. Ke2 Ke5 27. f4+ Kf6 28. Rgf1 a5 29. Be4 Rd6 30. Rxd6 Bxd6 31. Kf3 1/2-1/2

[Event "HUN-chT2 Toth 1011"]
[Site "Hungary"]
[Date "2010.10.10"]
[Round "3.4"]
[White "Hajagos, Janos"]
[Black "Honos, Attila"]
[Result "0-1"]
[WhiteElo "2020"]
[BlackElo "2222"]
[PlyCount "56"]
[EventDate "2010.09.12"]
[EventType "team-tourn"]
[EventRounds "11"]
[EventCountry "HUN"]
[SourceTitle "EXT 2012"]
[Source "ChessBase"]
[SourceDate "2011.11.24"]
[SourceVersion "1"]
[SourceVersionDate "2011.11.24"]
[SourceQuality "1"]
[WhiteTeam "Takisz"]
[BlackTeam "Roszke"]
[WhiteTeamCountry "HUN"]
[BlackTeamCountry "HUN"]

1. d4 Nf6 2. Nf3 c5 3. c4 cxd4 4. Nxd4 e5 5. Nb5 d5 6. cxd5 Bc5 7. e3 0-0 8. N5c3 e4 9. Be2 Bf5 10. Qb3 b6 11. Nd2 Nbd7 12. Nc4 Re8 13. Bd2 Bg4 14. Qd1 Bxe2 15. Qxe2 Ne5 16. Nxe5 Rxe5 17. Rd1 Rg5 18. g3 Qd7 19. h4 Rg6 20. h5 Rg5 21. Bc1 Re8 22. Rh4 Rge5 23. Qc4 Rxh5 24. Nxe4 Nxe4 25. Rxe4 Rh1+ 26. Ke2 Rxe4 27. Qxe4 Qb5+ 28. Kd2 Bb4+ 0-1

[Event "HUN-chT2 Toth 1011"]
[Site "Hungary"]
[Date "2010.09.26"]
[Round "2.4"]
[White "Honos, Attila"]
[Black "Molnar, Tibor"]
[Result "1-0"]
[WhiteElo "2222"]
[BlackElo "1926"]
[PlyCount "93"]
[EventDate "2010.09.12"]
[EventType "team-tourn"]
[EventRounds "11"]
[EventCountry "HUN"]
[SourceTitle "EXT 2012"]
[Source "ChessBase"]
[SourceDate "2011.11.24"]
[SourceVersion "1"]
[SourceVersionDate "2011.11.24"]
[SourceQuality "1"]
[WhiteTeam "Roszke"]
[BlackTeam "Nadudvar"]
[WhiteTeamCountry "HUN"]
[BlackTeamCountry "HUN"]

1. e4 g6 2. d4 Bg7 3. Nf3 d6 4. c4 c5 5. Nc3 cxd4 6. Nxd4 Nc6 7. Be3 Nf6 8. Be2 a6 9. 0-0 0-0 10. Rc1 Bd7 11. Qd2 Rc8 12. f3 Ne5 13. b3 h5 14. h3 Kh7 15. Nd5 Ne8 16. f4 Nc6 17. Nf3 Rb8 18. Bb6 Qc8 19. b4 e6 20. Ne3 Ne7 21. c5 Qc6 22. Ba7 Rd8 23. cxd6 Qxd6 24. Bc5 Qxd2 25. Nxd2 Bc6 26. Nf3 Nd6 27. e5 Ndc8 28. Nd4 Be4 29. Bf3 Bxf3 30. Nxf3 Rfe8 31. Rfd1 Nc6 32. Nc4 Bf8 33. Nd6 Nxd6 34. exd6 Rd7 35. Ne5 Nxe5 36. fxe5 Bh6 37. Rc3 f5 38. Bb6 Rg8 39. Rc7 Rgd8 40. Rd3 h4 41. Rdc3 g5 42. Rxd7+ Rxd7 43. Rc7 Rg7 44. Rxg7+ Bxg7 45. d7 Bxe5 46. d8Q Kg6 47. Qe8+ 1-0